Central Library || Chittagong University

Synopsis and Classification of living organisms./ (Record no. 111309)

MARC details
000 -LEADER
fixed length control field 00464nam a22001577a 4500
003 - CONTROL NUMBER IDENTIFIER
control field BD-ChCU
005 - DATE AND TIME OF LATEST TRANSACTION
control field 20260127123609.0
008 - FIXED-LENGTH DATA ELEMENTS--GENERAL INFORMATION
fixed length control field 260127b bg ||||| |||| 00| 0 ben d
040 ## - CATALOGING SOURCE
Transcribing agency BD-ChCU
100 ## - MAIN ENTRY--PERSONAL NAME
Personal name Sybil P. Parker.
9 (RLIN) 19754
245 ## - TITLE STATEMENT
Title Synopsis and Classification of living organisms./
Statement of responsibility, etc. P.Parker . Sybil.
260 ## - PUBLICATION, DISTRIBUTION, ETC.
Place of publication, distribution, etc. New York :
Name of publisher, distributor, etc. Mcgraw - hill ,
Date of publication, distribution, etc. C 1982
300 ## - PHYSICAL DESCRIPTION
Extent voi . 1&2.
650 #0 - SUBJECT ADDED ENTRY--TOPICAL TERM
Topical term or geographic name entry element Biology - Classification .
9 (RLIN) 19755
942 ## - ADDED ENTRY ELEMENTS (KOHA)
Source of classification or shelving scheme Dewey Decimal Classification
Koha item type Books
Suppress in OPAC No
Holdings
Withdrawn status Lost status Source of classification or shelving scheme Damaged status Not for loan Home library Current library Shelving location Date acquired Source of acquisition Total Checkouts Full call number Barcode Date last seen Copy number Price effective from Koha item type Public note
    Dewey Decimal Classification     Chittagong University Library Chittagong University Library Reference 01/27/2026 Purchase   REF 574.012 SYN 113615 01/27/2026 C-1 01/27/2026 Books Vol .1 :
    Dewey Decimal Classification     Chittagong University Library Chittagong University Library Reference 01/27/2026 Purchase   REF 574.012 SYN 113616 01/27/2026 C-2 01/27/2026 Books Vol .2 :
© Copyright 2026. Chittagong University Library, Installation and Maintenance by Prof. Dr. Md. Alamgir, 01711306253